[Event "EuTCh"]
[Site "Plovdiv BUL"]
[Date "2003.10.11"]
[Round "1"]
[White "Kupreichik,V"]
[Black "Zapolskis,A"]
[Result "1/2-1/2"]
[WhiteElo "2496"]
[BlackElo "2375"]
[EventDate "2003.10.10"]

1. e4 c5 2. Nf3 Nc6 3. d4 cxd4 4. Nxd4 Nf6 5. Nc3 e5 6. Ndb5 d6 7. Nd5 Nxd5
8. exd5 Nb8 9. c4 Be7 10. Bd3 O-O 11. O-O f5 12. f3 Nd7 13. Be3 a6 14. Nc3
Bg5 15. Bf2 Kh8 16. b4 b6 17. Qc2 g6 18. Rfe1 Bb7 19. Qb3 Rc8 20. a4 Qf6
21. Bf1 Qg7 22. a5 e4 23. Ne2 exf3 24. Nd4 fxg2 25. Bxg2 Rfe8 26. axb6 Ne5
27. Rad1 Qh6 28. c5 Ng4 29. Qh3 Rxe1+ 30. Rxe1 Qxh3 31. Bxh3 Nxf2 32. Bf1
dxc5 33. bxc5 Bxd5 34. Re5 Bb7 35. c6 Bxc6 36. Nxc6 Rxc6 37. b7 Rb6 38.
Re8+ Kg7 39. b8=Q Rxb8 40. Rxb8 Ng4 41. Rb7+ Kh6 42. Bxa6 Bf4 43. h3 Nf6
44. Kg2 Kg5 45. Bc4 Be5 46. Re7 Kf4 47. Ra7 Bd4 48. Ra4 Ke4 49. Be2 g5 50.
Bf3+ Ke5 51. Ra5+ Ke6 52. Bb7 g4 53. Bc8+ Kd6 54. Bxf5 gxh3+ 55. Kxh3 h6
56. Kg3 Be5+ 57. Kf3 h5 58. Ke3 h4 59. Bh3 Bg3 60. Ra6+ Ke7 61. Kf3 Kf7 62.
Bf5 Kg7 63. Ke3 Be5 64. Kd3 Bg3 65. Kd4 Bf4 66. Kd3 Bg3 67. Ke2 Be5 68. Kf3
Bg3 69. Kg2 Be5 70. Kh3 Bg3 71. Rb6 Bf2 72. Re6 Bg3 73. Bd3 Kf7 74. Ra6 Kg7
75. Ra7+ Kh6 76. Rf7 Kg5 77. Bc2 Be1 78. Kg2 Bc3 79. Kf3 Be5 80. Re7 Ng4
81. Re8 h3 82. Rg8+ Kh5 83. Bd1 Nf6 84. Rh8+ Kg5 85. Rxh3 Bd6 86. Rh8 Kf5
87. Bb3 Be5 88. Ra8 Bc3 89. Rc8 Bb4 90. Rb8 Bc3 91. Rb5+ Be5 92. Ra5 Nd7
93. Ra6 Kg5 94. Rc6 Bb2 95. Ra6 Bc3 96. Bc2 Nf6 97. Rb6 Bd2 98. Bd3 Bc1 99.
Rb1 Bd2 100. Rb2 Bc1 101. Rc2 Ba3 102. Rg2+ Kh4 103. Rg6 Bb2 104. Bc4 Be5
105. Bf7 Bc3 106. Rg1 Be5 107. Re1 Bc3 108. Rc1 Bd2 109. Rc2 Bh6 110. Rc5
Bd2 111. Rb5 Bc1 112. Rb1 Bd2 113. Ra1 Kg5 114. Ra2 Bc3 115. Rc2 Bd4 116.
Rc4 Be5 117. Rc5 Kf5 118. Rb5 Nd7 119. Be8 Nf6 1/2-1/2

[Event "EuTCh"]
[Site "Plovdiv BUL"]
[Date "2003.10.11"]
[Round "1"]
[White "Kotronias,V"]
[Black "Kozul,Z"]
[Result "0-1"]
[WhiteElo "2626"]
[BlackElo "2597"]
[EventDate "2003.10.10"]

1. e4 c5 2. Nf3 Nc6 3. d4 cxd4 4. Nxd4 Nf6 5. Nc3 d6 6. Bg5 e6 7. Qd2 a6 8.
O-O-O Bd7 9. f4 b5 10. Bxf6 gxf6 11. Kb1 Qb6 12. Nxc6 Bxc6 13. Qe1 Ra7 14.
f5 Qc5 15. fxe6 fxe6 16. Ne2 Re7 17. Nf4 Bg7 18. Qd2 Bxe4 19. Bd3 Bb7 20.
Rde1 Bh6 21. Rhf1 e5 22. Qe2 e4 23. Qg4 Qg5 24. Qh3 f5 25. Be2 Bg7 26. Qb3
Be5 27. g3 Qh6 28. a4 bxa4 29. Qxa4+ Kf7 30. Bc4+ Kf6 31. Bb3 Rc8 32. Ng2
Bc6 33. Qc4 Bd7 34. Qxe4 Kg7 35. Qh4 Qxh4 36. Nxh4 Rf8 37. Ka2 a5 38. c3 a4
39. Bd5 Ree8 40. Rf2 Rb8 41. Nf3 Rfe8 42. Rfe2 Kf6 43. Rd2 Rb6 44. Rf1 h5
45. Rff2 Reb8 46. Nd4 Kg6 47. Ne2 Rb5 48. Nf4+ Kh6 49. Bf7 Rf8 50. Bd5 a3
51. bxa3 Bxc3 52. Rc2 Be5 53. Bc6 Bxc6 54. Rxc6 Re8 55. h4 Rg8 56. Nd3 Bxg3
57. Re2 Rg6 58. a4 Rd5 59. Nb4 Ra5 60. Kb3 Bxh4 61. Rc3 Rg3 62. Re6+ Kg5
63. Rxg3+ Bxg3 64. Nc6 Ra8 65. Ne7 h4 66. Rg6+ Kh5 67. Rf6 f4 68. Rxd6 h3
69. Rd1 h2 70. Nc6 Bf2 71. Rh1 Bg1 72. Ne5 Re8 73. Nd3 Kg4 0-1

[Event "EuTCh"]
[Site "Plovdiv BUL"]
[Date "2003.10.11"]
[Round "1"]
[White "Shirov,A"]
[Black "Atalik,S"]
[Result "1-0"]
[WhiteElo "2737"]
[BlackElo "2570"]
[EventDate "2003.10.10"]

1. e4 e6 2. d4 d5 3. Nc3 Bb4 4. e5 Ne7 5. a3 Bxc3+ 6. bxc3 b6 7. Qg4 Ng6 8.
h4 h5 9. Qg3 Ba6 10. Ne2 Rh7 11. Bg5 Qd7 12. Qf3 Qa4 13. Ng3 Bxf1 14. Kxf1
c5 15. Nf5 Qc4+ 16. Kg1 exf5 17. Qxf5 Nd7 18. e6 Nf6 19. Re1 Qxc3 20. exf7+
Kxf7 21. Qe6+ Kf8 22. Rh3 Qxd4 23. Rf3 Nxh4 24. Rf4 Qc3 25. Bxh4 Rh6 26.
Re5 Qd2 27. Bxf6 1-0

[Event "EuTCh"]
[Site "Plovdiv BUL"]
[Date "2003.10.11"]
[Round "1"]
[White "Bistric,F"]
[Black "San Segundo Carrillo,P"]
[Result "0-1"]
[WhiteElo "2503"]
[BlackElo "2524"]
[EventDate "2003.10.10"]

1. c4 Nf6 2. Nc3 e5 3. Nf3 Nc6 4. e4 Bb4 5. d3 d6 6. a3 Bxc3+ 7. bxc3 h6 8.
g3 Be6 9. Rb1 b6 10. Nh4 O-O 11. Bg2 Ne7 12. O-O Nh7 13. g4 Bd7 14. Nf5 Ng6
15. f4 f6 16. Rb2 Qe8 17. Rbf2 exf4 18. Bxf4 Nxf4 19. Rxf4 Rd8 20. Qd2 Be6
21. h4 Kh8 22. R4f3 Qd7 23. Rh3 Kg8 24. Rg3 Rde8 25. Qb2 Kh8 26. Qc1 Qd8
27. Bf3 c6 28. Nd4 Bd7 29. Bg2 Qe7 30. Kh2 Qe5 31. Nf5 Bxf5 32. gxf5 c5 33.
Bf3 Rb8 34. Qb2 Rg8 35. Kh3 Qe7 36. Rfg1 Qd7 37. Qb5 Qc8 38. Kh2 a6 39. Qb3
Qd7 40. a4 Qe7 41. Bh5 Rb7 42. Qd1 Qe5 43. Qd2 g5 44. Kh3 Rbg7 45. Bg6 Nf8
46. hxg5 Nxg6 47. gxf6 Nf4+ 48. Qxf4 Qxf4 49. fxg7+ Kh7 50. Rg6 Qf3+ 51.
R1g3 Qh1+ 52. Kg4 Rxg7 53. Kf4 Qc1+ 54. Kf3 Qf1+ 55. Ke3 Rxg6 56. Rxg6 Qh3+
57. Kd2 Qh2+ 58. Ke3 Qh3+ 59. Kd2 h5 60. d4 h4 61. a5 bxa5 62. dxc5 dxc5
63. Rxa6 Qg2+ 64. Ke3 h3 65. Ra7+ Kh6 66. Ra6+ Kh5 67. Ra8 Qg7 0-1

[Event "EuTCh"]
[Site "Plovdiv BUL"]
[Date "2003.10.11"]
[Round "1"]
[White "Kilicaslan,H"]
[Black "Nedev,T"]
[Result "0-1"]
[WhiteElo "2314"]
[BlackElo "2480"]
[EventDate "2003.10.10"]

1. d4 Nf6 2. Nf3 d6 3. Bg5 Nbd7 4. e3 h6 5. Bh4 g5 6. Bg3 Nh5 7. Bc4 e6 8.
Nbd2 Bg7 9. c3 Qe7 10. Ng1 Nxg3 11. hxg3 d5 12. Be2 e5 13. Qb3 c6 14. Ngf3
e4 15. Ng1 O-O 16. Nh3 Nf6 17. O-O Be6 18. c4 dxc4 19. Bxc4 Nd5 20. Qc2 f5
21. a3 Rfc8 22. Rac1 a5 23. Be2 a4 24. Qd1 c5 25. dxc5 Bxb2 26. Rc2 Bxa3
27. g4 Bxc5 28. gxf5 Bxf5 29. Bg4 Bxg4 30. Qxg4 Nxe3 31. fxe3 Bxe3+ 32. Kh1
Rxc2 33. Nxe4 Rc1 34. Rxc1 Bxc1 35. Qf5 Rf8 36. Qd5+ Qf7 0-1

[Event "EuTCh"]
[Site "Plovdiv BUL"]
[Date "2003.10.11"]
[Round "1"]
[White "Sokolov,And1"]
[Black "Flear,G"]
[Result "1-0"]
[WhiteElo "2584"]
[BlackElo "2516"]
[EventDate "2003.10.10"]

1. e4 e5 2. Nf3 Nc6 3. Bb5 a6 4. Ba4 Nf6 5. O-O Nxe4 6. d4 b5 7. Bb3 d5 8.
dxe5 Be6 9. c3 Bc5 10. Qd3 O-O 11. Nbd2 f5 12. exf6 Nxf6 13. a4 Rb8 14.
axb5 axb5 15. Ra6 Qd7 16. Ng5 Bb6 17. Nxe6 Qxe6 18. Ne4 Qxe4 19. Qxe4 Nxe4
20. Bxd5+ Kh8 21. Bxe4 Ne5 22. Be3 Bxe3 23. fxe3 Rxf1+ 24. Kxf1 Nc4 25. Ke2
Nxb2 26. Rc6 g6 27. Rxc7 b4 28. cxb4 Rxb4 29. Bd5 Na4 30. e4 Nb6 31. Ke3 g5
32. Be6 h6 33. Kf3 Na4 34. Kg4 1-0

[Event "EuTCh"]
[Site "Plovdiv BUL"]
[Date "2003.10.11"]
[Round "1"]
[White "Nyback,T"]
[Black "Jobava,Ba"]
[Result "1-0"]
[WhiteElo "2497"]
[BlackElo "2605"]
[EventDate "2003.10.10"]

1. d4 d5 2. Nf3 Nf6 3. e3 e6 4. Bd3 Be7 5. O-O O-O 6. b3 c5 7. Bb2 Nc6 8.
Nbd2 b6 9. Ne5 Bb7 10. f4 g6 11. a3 Rc8 12. Qf3 Na5 13. Qe2 Ne8 14. Rad1 f5
15. Ndf3 Nd6 16. dxc5 bxc5 17. b4 c4 18. bxa5 cxd3 19. cxd3 Qxa5 20. Nd4
Nb5 21. Nxe6 Rf6 22. Nd4 Nxa3 23. Rc1 Rxc1 24. Rxc1 Nb5 25. Nec6 Bxc6 26.
Nxc6 Rxc6 27. Rxc6 Qb4 28. Rc8+ Bf8 29. h3 a5 30. Be5 a4 31. Qa2 1-0

[Event "EuTCh"]
[Site "Plovdiv BUL"]
[Date "2003.10.11"]
[Round "1"]
[White "Lalic,B"]
[Black "Bauer,K"]
[Result "1/2-1/2"]
[WhiteElo "2503"]
[BlackElo "2230"]
[EventDate "2003.10.10"]

1. d4 Nf6 2. c4 e6 3. Nf3 b6 4. g3 Ba6 5. Qa4 Bb7 6. Bg2 g6 7. Nc3 Bg7 8.
O-O O-O 9. Qc2 d5 10. cxd5 exd5 11. Rd1 Na6 12. Bf4 c6 13. a3 Nc7 14. b4
Re8 15. Be5 Qe7 16. e3 Ne6 17. a4 1/2-1/2

[Event "EuTCh"]
[Site "Plovdiv BUL"]
[Date "2003.10.11"]
[Round "1"]
[White "Kurajica,B"]
[Black "Vallejo Pons,F"]
[Result "1/2-1/2"]
[WhiteElo "2557"]
[BlackElo "2662"]
[EventDate "2003.10.10"]

1. d4 g6 2. Nf3 Bg7 3. g3 c5 4. dxc5 Na6 5. e4 Nxc5 6. e5 b6 7. Bg2 Ba6 8.
Nc3 Rc8 9. Bf4 Ne6 10. Qd2 Nxf4 11. gxf4 Nh6 12. O-O-O Bb7 13. Rhg1 Rc4 14.
Ng5 Bxg2 15. Rxg2 Qc8 16. Rg3 O-O 17. b3 Rc6 18. Nd5 Nf5 19. Rh3 h6 20. Ne4
d6 21. exd6 exd6 22. Ng3 Re8 23. Nxf5 Qxf5 24. Qd3 Qd7 25. Re3 Rxe3 26.
fxe3 Rc5 27. e4 Qe6 28. a4 Kh7 29. Rd2 h5 30. c4 Rc8 31. Kc2 Kh8 32. Rf2
Re8 33. Re2 Qg4 34. h3 Qg1 35. Nc7 Rd8 36. Nb5 Qa1 37. e5 d5 38. Nc3 d4 39.
Nd5 Bf8 40. Qd1 Qa2+ 41. Kd3 Qa3 42. e6 fxe6 43. Rxe6 Rd6 44. Re8 Kg7 45.
Ke4 Kf7 46. Re5 Bg7 47. Qxd4 Rd7 48. f5 Qd6 49. fxg6+ Qxg6+ 50. Kf3 Bxe5
51. Qxe5 Kf8 52. Qh8+ Kf7 53. Qe5 Kf8 54. Qh8+ Kf7 55. Qe5 1/2-1/2

[Event "EuTCh"]
[Site "Plovdiv BUL"]
[Date "2003.10.11"]
[Round "1"]
[White "Illescas Cordoba,M"]
[Black "Dizdarevic,E"]
[Result "1/2-1/2"]
[WhiteElo "2602"]
[BlackElo "2507"]
[EventDate "2003.10.10"]

1. e4 c6 2. d4 d5 3. Nc3 dxe4 4. Nxe4 Nd7 5. Ng5 Qa5+ 6. Bd2 Qd5 7. Bd3
Ngf6 8. N1f3 h6 9. c4 Qd6 10. Nxf7 Kxf7 11. O-O g5 12. Bc3 Bg7 13. Ne5+ Kg8
14. Re1 Nf8 15. Qb3 Qc7 16. d5 e6 17. dxc6 bxc6 18. Bg6 Nxg6 19. Nxg6 Rh7
20. Rad1 Ng4 21. h3 Bxc3 22. Qxc3 Rg7 23. Qd3 Nf6 24. Qd8+ Qxd8 25. Rxd8+
Ne8 26. Red1 Kf7 27. Ne5+ Kf8 28. R1d3 Bb7 29. Rxa8 Bxa8 30. Rd8 Bb7 31.
Rb8 Rc7 32. Ng6+ Kf7 33. Ne5+ Ke7 34. Ng6+ Kf6 35. Rxe8 Kxg6 36. Rxe6+ Kg7
37. f3 Bc8 38. Rd6 Bf5 39. Kf2 Bb1 40. a3 Ba2 41. c5 Bb3 42. Kg3 a5 43. h4
Bd5 44. b4 axb4 45. axb4 Rb7 46. Kg4 Bf7 47. Kf5 Rxb4 48. Rd4 h5 1/2-1/2

[Event "EuTCh"]
[Site "Plovdiv BUL"]
[Date "2003.10.11"]
[Round "1"]
[White "Wells,P"]
[Black "Degraeve,JM"]
[Result "1/2-1/2"]
[WhiteElo "2485"]
[BlackElo "2562"]
[EventDate "2003.10.10"]

1. d4 g6 2. e4 Bg7 3. c4 d6 4. Nc3 Nf6 5. Nf3 O-O 6. Be2 e5 7. Be3 Na6 8.
O-O Ng4 9. Bg5 Qe8 10. dxe5 dxe5 11. h3 h6 12. Bd2 Nf6 13. Be3 Qe7 14. Qc1
Kh7 15. Nd5 Qd8 16. Nxf6+ Qxf6 17. Rd1 Rd8 18. Qc3 Nb8 19. Rxd8 Qxd8 20. b4
b6 21. c5 Bb7 22. Qc4 Qe8 23. Rd1 Nc6 24. b5 Na5 25. Qc2 Rd8 26. c6 Rxd1+
27. Qxd1 Bc8 28. Bd2 f5 29. Bxa5 fxe4 30. Nd2 bxa5 31. Nxe4 Bf5 32. Qd5 Qg8
33. Qxg8+ Kxg8 34. Nc5 Bf8 35. Nd7 Be6 36. a4 Bd6 37. Nf6+ Kf7 38. Ne4 Bb4
39. Bd1 Bf5 40. f3 Bxe4 41. Kf1 1/2-1/2

[Event "ETCC Plovdiv 2003"]
[Site "Plovdiv"]
[Date "2003.10.12"]
[Round "2.13"]
[White "Thorfinnsson, Bjorn"]
[Black "Cheparinov, Ivan"]
[Result "0-1"]
[WhiteElo "2351"]
[BlackElo "2531"]
[PlyCount "68"]
[EventDate "2003.10.12"]

1. d4 Nf6 2. Nf3 e6 3. Bg5 Be7 4. e3 b6 5. Nbd2 Bb7 6. Bd3 h6 7. Bh4 c5 8. c3
d6 9. h3 Nbd7 10. Qe2 a6 11. e4 Nh5 12. Bg3 Nxg3 13. fxg3 O-O 14. O-O cxd4 15.
cxd4 e5 16. Rad1 b5 17. Kh2 Bf6 18. d5 Nc5 19. Bb1 a5 20. Ne1 Ba6 21. Nd3 b4
22. Rf3 Bg5 23. Nf1 f5 24. h4 fxe4 25. Rxf8+ Qxf8 26. hxg5 exd3 27. Qg4 hxg5
28. Ne3 Qf6 29. Rf1 Qh6+ 30. Kg1 e4 31. Nf5 Qf6 32. Ne3 Qd4 33. Qxg5 d2 34. Rf2
Qxe3 0-1

[Event "ETCC Plovdiv 2003"]
[Site "Plovdiv"]
[Date "2003.10.12"]
[Round "2.10"]
[White "Azmaiparashvili, Zurab"]
[Black "Agrest, Evgenij"]
[Result "1/2-1/2"]
[WhiteElo "2693"]
[BlackElo "2605"]
[PlyCount "49"]
[EventDate "2003.10.12"]

1. d4 Nf6 2. c4 e6 3. Nf3 d5 4. Nc3 dxc4 5. e4 Bb4 6. Bg5 c5 7. Bxc4 cxd4 8.
Nxd4 Bxc3+ 9. bxc3 Qa5 10. Bb5+ Bd7 11. Bxf6 gxf6 12. Qb3 O-O 13. O-O Bxb5 14.
Nxb5 Nc6 15. c4 Rad8 16. Qg3+ Kh8 17. Qh4 Kg7 18. f4 Rd3 19. Rae1 a6 20. e5
axb5 21. Qxf6+ Kg8 22. Qg5+ Kh8 23. Qf6+ Kg8 24. Qg5+ Kh8 25. Qf6+ 1/2-1/2

[Event "ETCC Plovdiv 2003"]
[Site "Plovdiv"]
[Date "2003.10.12"]
[Round "2.9"]
[White "Kallio, Heikki"]
[Black "Spice, Alan"]
[Result "1-0"]
[WhiteElo "2493"]
[BlackElo "2181"]
[PlyCount "79"]
[EventDate "2003.10.12"]

1. d4 e6 2. c4 f5 3. g3 Nf6 4. Bg2 Be7 5. Nf3 O-O 6. O-O d6 7. b4 e5 8. dxe5
dxe5 9. Qb3 e4 10. Rd1 Qe8 11. Nd4 Na6 12. a3 c5 13. Nc2 cxb4 14. axb4 Qf7 15.
Nc3 Be6 16. Nd5 Nxd5 17. cxd5 Rad8 18. Ne3 Bc8 19. Ba3 Kh8 20. f4 exf3 21. Bxf3
f4 22. gxf4 Qxf4 23. Ng2 Qh6 24. b5 Nc5 25. Qe3 Qxe3+ 26. Nxe3 b6 27. Bb2 a5
28. bxa6 Nxa6 29. Nc4 Bc5+ 30. Bd4 b5 31. Ne5 Rde8 32. Nc6 Bd6 33. Na7 Bb7 34.
Nxb5 Bb8 35. Rab1 Rf4 36. Bf2 Rb4 37. Rxb4 Nxb4 38. d6 Bxf3 39. d7 Rd8 40. exf3
1-0

[Event "ETCC Plovdiv 2003"]
[Site "Plovdiv"]
[Date "2003.10.12"]
[Round "2.5"]
[White "Zelcic, Robert"]
[Black "Kempinski, Robert"]
[Result "1/2-1/2"]
[WhiteElo "2552"]
[BlackElo "2561"]
[PlyCount "82"]
[EventDate "2003.10.12"]

1. e4 c5 2. Nf3 d6 3. d4 cxd4 4. Nxd4 Nf6 5. Nc3 a6 6. Be2 e6 7. O-O Be7 8. f4
O-O 9. Kh1 Qc7 10. a4 Nc6 11. Be3 Re8 12. Bg1 Bd7 13. Qd3 Nxd4 14. Qxd4 e5 15.
Qd3 exf4 16. Rxf4 Be6 17. Raf1 Nd7 18. Nd5 Qc6 19. Nxe7+ Rxe7 20. b3 Ne5 21.
Qd2 b5 22. Ra1 Rc8 23. axb5 axb5 24. Ra2 Ng6 25. Rf1 d5 26. Qb4 Rb7 27. Bf3 Ne5
28. exd5 Bxd5 29. Bxd5 Qxd5 30. Re1 f6 31. Re4 Rbc7 32. Re2 Rd7 33. h3 h6 34.
Qe1 Qc6 35. Ra7 Rxa7 36. Bxa7 Qd7 37. Be3 Qf5 38. Qf2 Qxf2 39. Bxf2 Kf7 40. Bd4
Ke6 41. Kg1 Kd5 1/2-1/2

[Event "ETCC Plovdiv 2003"]
[Site "Plovdiv"]
[Date "2003.10.12"]
[Round "2.14"]
[White "Flear, Glenn C"]
[Black "Erdogdu, Mert"]
[Result "1-0"]
[WhiteElo "2516"]
[BlackElo "2359"]
[PlyCount "95"]
[EventDate "2003.10.12"]

1. d4 d5 2. c4 c6 3. Nc3 Nf6 4. e3 a6 5. Qc2 g6 6. Bd3 Bg7 7. Nf3 O-O 8. O-O
dxc4 9. Bxc4 Nbd7 10. a4 Qc7 11. b3 Nb6 12. Be2 Nbd5 13. Nxd5 Nxd5 14. a5 c5
15. Bb2 cxd4 16. Qxc7 Nxc7 17. Nxd4 Nb5 18. Rfd1 Nxd4 19. Bxd4 Be6 20. Bxg7
Kxg7 21. b4 Rfd8 22. Bf3 Rxd1+ 23. Rxd1 Rb8 24. h4 b6 25. b5 Bc4 26. bxa6 Bxa6
27. Rb1 b5 28. Be2 Kf6 29. Rc1 Ra8 30. Rc5 e6 31. Bxb5 Bxb5 32. Rxb5 Rc8 33.
Rb1 Ra8 34. Ra1 Ke5 35. Kh2 Kd5 36. Kg3 Kc5 37. Kg4 f6 38. h5 Ra7 39. h6 Kb5
40. f4 Ka6 41. Rc1 Kxa5 42. Ra1+ Kb6 43. Rxa7 Kxa7 44. e4 Kb6 45. e5 Kc6 46.
exf6 Kd7 47. Kf3 Ke8 48. Ke4 1-0

[Event "ETCC Plovdiv 2003"]
[Site "Plovdiv"]
[Date "2003.10.12"]
[Round "2.6"]
[White "Borisek, Jure"]
[Black "Zapolskis, Antanas"]
[Result "1-0"]
[WhiteElo "2445"]
[BlackElo "2375"]
[PlyCount "83"]
[EventDate "2003.10.12"]

1. e4 e5 2. Nf3 Nc6 3. Bb5 a6 4. Ba4 Nf6 5. O-O Nxe4 6. d4 b5 7. Bb3 d5 8. dxe5
Be6 9. Nbd2 Nc5 10. c3 Be7 11. Bc2 Bg4 12. Re1 O-O 13. Nb3 Qd7 14. h3 Nxb3 15.
axb3 Bh5 16. Bf4 Nd8 17. b4 Ne6 18. Be3 c6 19. Bf5 Bxf3 20. Qxf3 g6 21. Qg4 Kh8
22. Bc2 h5 23. Qe2 Rfe8 24. f4 Ng7 25. g4 Qc7 26. Qf2 Bf8 27. Re2 Qc8 28. Qf3
Qe6 29. Rae1 Qc8 30. Rg2 a5 31. bxa5 Rxa5 32. gxh5 Nxh5 33. f5 Ng7 34. fxg6
Rxe5 35. gxf7 c5 36. Rg6 Ra6 37. Qg3 Rxg6 38. Bxg6 Qe6 39. Qh4+ Nh5 40. Bxh5
Rxe3 41. Bg4+ Qh6 42. Qxh6+ 1-0

[Event "ETCC Plovdiv 2003"]
[Site "Plovdiv"]
[Date "2003.10.12"]
[Round "2.3"]
[White "Georgiev, Vladimir"]
[Black "Dautov, Rustem"]
[Result "0-1"]
[WhiteElo "2596"]
[BlackElo "2610"]
[PlyCount "86"]
[EventDate "2003.10.12"]

1. c4 c6 2. d4 d5 3. cxd5 cxd5 4. Nc3 Nf6 5. Bf4 Nc6 6. e3 a6 7. Rc1 Bf5 8. Nf3
Rc8 9. Ne5 e6 10. g4 Nxe5 11. gxf5 Nc4 12. fxe6 fxe6 13. Qb3 Bd6 14. Bxc4 Rxc4
15. Qxb7 Bxf4 16. exf4 O-O 17. Qxa6 Nh5 18. Qxe6+ Kh8 19. Kd1 Rxd4+ 20. Kc2
Nxf4 21. Qe5 Rb4 22. Rcd1 Qb6 23. b3 Qg6+ 24. Kb2 Nd3+ 25. Rxd3 Qxd3 26. Rd1
Qf3 27. Rd2 d4 28. Nd1 Ra8 29. Qg3 Qf6 30. Qd3 h6 31. a3 Rb6 32. Rc2 Qd6 33. a4
Rab8 34. Ka2 Qxh2 35. a5 Rxb3 36. Qxb3 Rxb3 37. Kxb3 Qb8+ 38. Ka4 Qb1 39. Rc8+
Kh7 40. a6 Qxd1+ 41. Ka5 Qa1+ 42. Kb6 d3 43. a7 d2 0-1

[Event "ETCC Plovdiv 2003"]
[Site "Plovdiv"]
[Date "2003.10.12"]
[Round "2.3"]
[White "Lutz, Christopher"]
[Black "Georgiev, Kiril"]
[Result "1/2-1/2"]
[WhiteElo "2613"]
[BlackElo "2651"]
[PlyCount "112"]
[EventDate "2003.10.12"]

1. e4 c5 2. Nf3 d6 3. d4 cxd4 4. Nxd4 Nf6 5. Nc3 a6 6. Be3 e5 7. Nb3 Be6 8. f3
h5 9. Qd2 Nbd7 10. O-O-O Rc8 11. Kb1 Be7 12. Bd3 b5 13. h3 h4 14. f4 Qc7 15.
Rhe1 Bc4 16. a3 Nb6 17. Bxb6 Qxb6 18. Nd5 Nxd5 19. exd5 Bxb3 20. cxb3 Bf6 21.
Bf5 Rd8 22. Rc1 O-O 23. Rc6 Qa7 24. fxe5 Bxe5 25. Re4 Qe7 26. Rg4 a5 27. Qh6 g6
28. Rxh4 Rfe8 {Diagram} 29. Bxg6 fxg6 30. Qxg6+ Qg7 31. Qd3 Qf7 32. Rc1 Rf8 33.
Ka2 Qf5 34. Rg4+ Bg7 35. Qxb5 Qf2 36. Rb1 Qd2 37. Qb7 Rf7 38. Qb6 Re8 39. Qxd6
Re2 40. a4 Rff2 41. Qd8+ Rf8 42. Qc7 Qh6 43. Qxa5 Qf6 44. Ka3 Kh8 45. d6 Qxd6+
46. Qb4 Qe5 47. Rh4+ Kg8 48. Qc4+ Rf7 49. Qc8+ Bf8+ 50. Ka2 Rxg2 51. Rg4+ Rxg4
52. Qxg4+ Bg7 53. Qc4 Qf5 54. Re1 Qf6 55. Re8+ Bf8 56. Qg4+ Kh7 1/2-1/2

[Event "ETCC Plovdiv 2003"]
[Site "Plovdiv"]
[Date "2003.10.12"]
[Round "2.6"]
[White "Butnorius, Algimantas"]
[Black "Sermek, Drazen"]
[Result "1/2-1/2"]
[WhiteElo "2424"]
[BlackElo "2568"]
[PlyCount "117"]
[EventDate "2003.10.12"]

1. d4 d5 2. c4 dxc4 3. e3 c5 4. Bxc4 cxd4 5. exd4 Qc7 6. Bb3 Bg4 7. f3 Bd7 8.
Nc3 e6 9. Nge2 Nf6 10. Be3 Be7 11. Rc1 Bc6 12. O-O O-O 13. Kh1 Rd8 14. Qc2 Qa5
15. Nf4 Na6 16. Qe2 Nc7 17. Nd3 Qa6 18. Ne5 Bd5 19. Qxa6 Nxa6 20. Nxd5 Nxd5 21.
Bf2 Bg5 22. Rce1 Rac8 23. g3 Bd2 24. Re2 Ba5 25. Rd1 Bb6 26. Nc4 Nab4 27. a3
Nc6 28. Nxb6 Nxb6 29. Ba2 Rc7 30. Red2 Rcd7 31. Kg2 Nd5 32. f4 h5 33. Kf3 Nde7
34. h3 Nf5 35. Ke4 Nd6+ 36. Kf3 Nb5 37. d5 Nc7 38. b4 Nxd5 39. Bxd5 exd5 40. g4
hxg4+ 41. hxg4 b6 42. Rc1 Ne7 43. Rdc2 f6 44. Bd4 Kf7 45. b5 Ng6 46. Rc7 Nf8
47. f5 Nh7 48. a4 Ng5+ 49. Ke3 Re8+ 50. Kd3 Ree7 51. Rxd7 Rxd7 52. a5 bxa5 53.
Ra1 Nf3 54. Rxa5 Nxd4 55. Kxd4 Ke7 56. Ra6 Kd8 57. b6 axb6 58. Rxb6 Kc7 59. Rb5
1/2-1/2

[Event "ETCC Plovdiv 2003"]
[Site "Plovdiv"]
[Date "2003.10.12"]
[Round "2.13"]
[White "Chatalbashev, Boris"]
[Black "Kristjansson, Stefan"]
[Result "1-0"]
[WhiteElo "2534"]
[BlackElo "2403"]
[PlyCount "141"]
[EventDate "2003.10.12"]

1. d4 Nf6 2. c4 e6 3. Nf3 b6 4. e3 Bb7 5. Bd3 c5 6. O-O Be7 7. Nc3 cxd4 8. exd4
d5 9. cxd5 Nxd5 10. Ne5 O-O 11. Qh5 Nf6 12. Qh4 Ne4 13. Qh3 Qxd4 14. Bf4 Nf6
15. Ne2 Qa4 16. Rac1 Ba6 17. Nc4 Rd8 18. Bc7 Rc8 19. Be5 Nbd7 20. b3 Qb4 21. a3
Qc5 22. b4 Qd5 23. Nf4 Qb7 24. Bxf6 Nxf6 {Diagram} 25. Nxe6 Bxc4 26. Bxc4 b5
27. Be2 fxe6 28. Qxe6+ Kf8 29. Bf3 Qd7 30. Qxd7 Nxd7 31. Bxa8 Rxa8 32. Rc7 Nb6
33. Re1 Bf6 34. Rb7 Bd8 35. g3 a6 36. Rc1 Na4 37. Kg2 h6 38. h4 Bf6 39. Rcc7
Bb2 40. h5 Kg8 41. f4 Kh8 42. Rd7 Rg8 43. Rd6 Ra8 44. Kf3 Bf6 45. g4 Nb2 46.
Rd5 Nc4 47. g5 hxg5 48. fxg5 Bb2 49. g6 Nxa3 50. Rb6 Rf8+ 51. Kg3 Nc2 52. Rxa6
Nxb4 {Diagram} 53. Rf5 Rg8 54. Rb6 Bc3 55. Rbxb5 Nc6 56. Rbc5 Nd4 57. Rf7 Bd2
58. Rd5 Be1+ 59. Kg4 Bc3 60. h6 Nc6 61. Rc7 Ne5+ 62. Kh5 Nxg6 63. Kxg6 gxh6+
64. Kxh6 Bg7+ 65. Kh5 Kh7 66. Rg5 Kh8 67. Rg6 Bf8 68. Rxg8+ Kxg8 69. Kg6 Bd6
70. Rc8+ Bf8 71. Rb8 1-0

[Event "ETCC Plovdiv 2003"]
[Site "Plovdiv"]
[Date "2003.10.12"]
[Round "2.17"]
[White "Berry, Neil"]
[Black "Iotov, Valentin"]
[Result "0-1"]
[WhiteElo "2300"]
[BlackElo "2280"]
[PlyCount "140"]
[EventDate "2003.10.12"]

1. Nf3 Nf6 2. c4 e6 3. Nc3 Bb4 4. Qc2 O-O 5. a3 Bxc3 6. Qxc3 a5 7. b3 b6 8. e3
Bb7 9. Be2 d6 10. Bb2 Nbd7 11. O-O Qe7 12. d3 e5 13. Nh4 Nc5 14. g3 Qd7 15. e4
b5 16. f4 bxc4 17. bxc4 Na4 18. Qc2 Nxb2 19. Qxb2 Rfe8 20. Rab1 Ba6 21. Qd2 c6
22. fxe5 Rxe5 23. Nf5 Bc8 24. Qf4 Qa7+ 25. Qf2 Qxf2+ 26. Rxf2 d5 27. Nd4 dxc4
28. Nxc6 Re6 29. Nd4 Rd6 30. Nb5 Rd8 31. dxc4 Nxe4 32. Rf4 Nc5 33. Nc7 Ra7 34.
Nd5 Ba6 35. Bf1 g6 36. Re1 Kg7 37. Rf2 Rb7 38. Rf4 Ne6 39. Rf3 Rb2 40. Rfe3
Rdb8 41. R3e2 Rxe2 42. Bxe2 Rb3 43. a4 Nd4 44. Bd1 Rb1 45. Nc3 Rc1 46. Re3 Nf5
47. Rf3 Bxc4 48. Kf2 h5 49. h3 Ba6 50. g4 hxg4 51. hxg4 Nd6 52. Ke1 Nc4 53. Rg3
g5 54. Rf3 Bc8 55. Rg3 Bd7 56. Ne2 Ra1 57. Nc3 Nb2 58. Kd2 Nxd1 59. Nxd1 Rxa4
60. Ne3 Rf4 61. Kc3 a4 62. Kb2 Be6 63. Ka3 Kf6 64. Kb2 Ke5 65. Ka3 Ke4 66. Kxa4
Rf3 67. Rxf3 Kxf3 68. Nf1 Kxg4 69. Kb4 Kf3 70. Kc3 g4 0-1

[Event "ETCC Plovdiv 2003"]
[Site "Plovdiv"]
[Date "2003.10.12"]
[Round "2.11"]
[White "Halkias, Stelios"]
[Black "Moiseenko, Alexander"]
[Result "1/2-1/2"]
[WhiteElo "2546"]
[BlackElo "2618"]
[PlyCount "103"]
[EventDate "2003.10.12"]

1. d4 Nf6 2. Nf3 e6 3. c4 Bb4+ 4. Bd2 c5 5. Bxb4 cxb4 6. g3 O-O 7. Bg2 d6 8.
O-O Nc6 9. Qd3 e5 10. Nbd2 Bg4 11. e4 Nd7 12. d5 Ncb8 13. Qe3 a5 14. Nh4 Na6
15. h3 Bh5 16. Nf5 Qc7 17. Kh1 Bg6 18. g4 Nac5 19. Rg1 Na4 20. Rab1 Bxf5 21.
gxf5 Qd8 22. Bf1 Kh8 23. Be2 Qf6 24. Rg5 Rg8 25. Bd1 Nac5 26. Bc2 g6 27. Nf3
Rg7 28. Rbg1 Rag8 29. R1g4 Qe7 30. Rh4 Nf6 31. Rh6 Nh5 {Diagram} 32. Rgxh5 gxh5
33. f6 Qf8 34. fxg7+ Qxg7 35. Ng5 Qxg5 36. Qxg5 Rxg5 37. Rxd6 Rg6 38. Rd8+ Kg7
39. Rc8 b6 40. Re8 Kf6 41. Kh2 h4 42. f4 Rg3 43. fxe5+ Kg5 44. d6 Re3 45. Bd1
Rd3 46. Bg4 Rd2+ 47. Kg1 h5 48. Bf5 Kf4 49. Re7 Kf3 50. Rxf7 Rd4 51. Kh2 Rd2+
52. Kg1 1/2-1/2

[Event "ETCC Plovdiv 2003"]
[Site "Plovdiv"]
[Date "2003.10.12"]
[Round "2.8"]
[White "Guseinov, Gadir"]
[Black "Jenni, Florian"]
[Result "0-1"]
[WhiteElo "2557"]
[BlackElo "2522"]
[PlyCount "120"]
[EventDate "2003.10.12"]

1. e4 e5 2. Nf3 Nc6 3. Bb5 a6 4. Ba4 Nf6 5. O-O Be7 6. d3 d6 7. c4 O-O 8. h3
Nd7 9. Be3 Bf6 10. Nc3 Nd4 11. Bxd4 exd4 12. Ne2 c5 13. Qd2 b5 14. Bc2 bxc4 15.
dxc4 Nb6 16. Qd3 g6 17. Nd2 a5 18. f4 {Diagram} 18... d5 19. b3 Ba6 20. Ng3 Bg7
21. Rae1 Qc7 22. Rf2 Rae8 23. e5 f5 24. Qf3 dxc4 25. bxc4 Kh8 26. Bd3 Na4 27.
h4 Nc3 28. Ngf1 Bb7 29. Qh3 h5 30. a3 Bh6 31. Nh2 Kh7 32. Qg3 Qe7 33. Nhf3 Rb8
34. e6 Rf6 35. Ng5+ Kg8 36. Ndf3 Bxf3 37. Nxf3 Kh7 38. Ng5+ Kg8 39. Nf3 Kh7 40.
Ng5+ Kg8 41. Re5 Bxg5 42. Qxg5 Kf8 43. Qh6+ Kg8 44. Qg5 Kf8 45. Bxf5 gxf5 46.
Rxf5 Ne4 47. Qg6 Qg7 48. e7+ Qxe7 49. Re2 Qf7 50. Qxf7+ Kxf7 51. Re5 Ng3 52.
Re7+ Kf8 53. Re1 d3 54. Rh7 d2 55. Rd1 Rb2 56. Rh8+ Kg7 57. Rd8 Ne2+ 58. Kf1
Nc3 59. R1xd2 Rxf4+ 60. Kg1 Ne2+ 0-1